|
|
|
|
| LEADER |
01145nam a2200241 a 4500 |
| 001 |
00006808 |
| 008 |
101128r19961974njua b 001 0 eng |
| 020 |
|
|
|a 8120301560
|
| 040 |
|
|
|a BD-DhAAL
|c BD-DhAAL
|
| 082 |
0 |
4 |
|a 621.319
|
| 100 |
1 |
|
|a Valenburg, M.E. Van
|
| 245 |
0 |
0 |
|a Network analysis /
|c M.E. Van Valenburg.
|
| 260 |
|
|
|a Englewood cliffs, N.j. ;
|a New Delhi :
|b Prentice hall,
|c c1974.[Reprinted 1996]
|
| 250 |
|
|
|a 3rd ed.
|
| 300 |
|
|
|a xv, 571 p. :
|b ill. ;
|c 25 cm.
|
| 504 |
|
|
|a Includes bibliographical references and index.
|
| 541 |
1 |
|
|e 00006808
|
| 650 |
|
0 |
|a Electric networks.
|
| 852 |
4 |
|
|a Ayesha Abed library
|j General Shelf
|
| 999 |
|
|
|c 10118
|d 10118
|
| 952 |
|
|
|0 0
|1 0
|2 ddc
|4 0
|6 621_319000000000000_VAL
|7 0
|9 13374
|a BRACUL
|b BRACUL
|c GEN
|d 2010-12-01
|l 0
|o 621.319 VAL
|p 3010006808
|r 2010-12-01
|t 1
|w 2010-12-01
|y BK
|
| 952 |
|
|
|0 0
|1 0
|2 ddc
|4 0
|6 621_319000000000000_VAL
|7 0
|9 13375
|a BRACUL
|b BRACUL
|c GEN
|d 2010-12-01
|l 0
|o 621.319 VAL
|p 3010012286
|r 2010-12-01
|t 2
|w 2010-12-01
|y BK
|x Price not available in Register
|
| 952 |
|
|
|0 0
|1 0
|2 ddc
|4 0
|6 621_319000000000000_VAL
|7 0
|9 19070
|a BRACUL
|b BRACUL
|c GEN
|d 2012-01-08
|l 0
|o 621.319 VAL
|p 3010006809
|r 2012-01-08
|t 3
|w 2012-01-08
|y BK
|